| 000 | 00560nam a2200217Ia 4500 | ||
|---|---|---|---|
| 003 | OSt | ||
| 005 | 20220518163627.0 | ||
| 008 | 210210b2001 xxu||||| |||| 00| 0 eng d | ||
| 020 | _a0 7817 000X 7 | ||
| 040 |
_aAL _c |
||
| 041 | _aEnglish | ||
| 082 | _a574.87 DERC | ||
| 100 |
_aDe ROBERTIS (E D P) & De ROBERTIS (E M F). _937869 |
||
| 245 | _aCell and molecular biology | ||
| 250 | _a8 | ||
| 260 |
_aPhiladelphia _bLippincott Williams & Wilkins _c2001 |
||
| 300 | _axxix,734 | ||
| 690 |
_aCell Biology _937870 |
||
| 906 | _aSG03913 | ||
| 942 |
_2ddc _cBK |
||
| 999 |
_c114624 _d114624 |
||